| 000 | 01966cam a22004574i 4500 | ||
|---|---|---|---|
| 003 | PE-LiUPU | ||
| 005 | 20250731173514.0 | ||
| 008 | 150616s r 000 0 d | ||
| 035 | _a(Sirsi) a7786 | ||
| 040 |
_aPE-LiUPU _bspa _cPE-LiUPU _erda |
||
| 049 | _aPRUA | ||
| 082 | 0 | 4 |
_a270.9 _bS29 _221 |
| 100 | 1 |
_aScott Latourette, Kenneth, _eautor. |
|
| 245 | 1 | 4 |
_aThe Twentieth Century Outside Europe. The Americas, the Pacific, Asia and Africa: The emerging world christian community. _n5. |
| 264 | 1 |
_aNew York : _bHarper and Row, _c1969. |
|
| 300 |
_a568 páginas ; _c21 cm. |
||
| 336 |
_atext _2rdacontent |
||
| 337 |
_aunmediated _2rdamedia |
||
| 338 |
_avolume _2rdacarrier |
||
| 504 | _aBibliografía: páginas 535-552. | ||
| 505 | 0 | _athe complex, multiform record of christianity in the united states of america.- The changing scene in growing Canada.- Christianity in greenland, the British, Danish abd Dutch east Indies and the British and Dutch Enclaves on the Mainland of South and Central America.- The record in changing Australia.- The growing church in New Zealand.- The accelerating revolution in the world outside "Christedom".- Western Aasia and North Africa. | |
| 526 | _aSEG42 | ||
| 526 | _aSEG41 | ||
| 526 | _aSEG40 | ||
| 526 | _aSEG39 | ||
| 526 | _aP94 | ||
| 526 | _aP87 | ||
| 526 | _aP86 | ||
| 526 | _aP85 | ||
| 526 | _aP77 | ||
| 526 | _aP76 | ||
| 526 | _aP35 | ||
| 650 | 0 | 4 | _aIGLESIA - HISTORIA - ESTADOS UNIDOS - EXPANSION. |
| 910 |
_ajck _bjvq _cjck |
||
| 942 |
_2ddc _cBOOK |
||
| 949 |
_a270.9 S29 5 _wDEWEY _c1 _i41300 _lCCODEBUL1 _mBUL _p00.00 _r0 _sY _tBOOK _u19960604 _xTEOLOGIA _zUNKNOWN _0COMPRA _o.STAFF. Colección General |
||
| 994 |
_aC0 _bPEPRU |
||
| 596 | _a1 | ||
| 999 |
_a270.9 S29 5 _wDEWEY _c59067 _i41300 _f2021-11-11 _g5 _lCCODEBUL1 _mBUL _r0 _sY _tBOOK _u2015-6-16 _xTEOLOGIA _zUNKNOWN _0COMPRA _o.STAFF. Colección General _d59067 |
||
| 980 |
_81 _gALBERTO SANCHEZ Responsable de Automatización |
||